| 000 | 00514cam a2200205ua 4500 | ||
|---|---|---|---|
| 020 | _c$ 20 | ||
| 041 |
_aeng _h |
||
| 082 |
_a621.8672 _bPAR/PI |
||
| 100 | _aPrisher, Roy A . | ||
| 245 |
_aPipe Drafting and Design : Instructor`s guide / _ci. _hTextual Documents |
||
| 250 |
_a1 / _b. |
||
| 260 |
_aHouston : _bGulf publishing Company , _c1996. |
||
| 300 | _a47 ; . | ||
| 365 | _a$ 20 | ||
| 500 | _a20354 Reference | ||
| 504 | _a | ||
| 700 | 1 | _aRhea, Robert A . | |
| 942 | _cBK | ||
| 999 |
_c239 _d239 |
||